All PSG Players of the 2000'S - Statistics

General Stats
  • This quiz has been taken 53 times
  • The average score is 15 of 122
Answer Stats
Position Nation Player Previous Club % Correct
ATT Brazil Ronaldinho Gremio
73%
ATT Portugal Pauleta Bordeaux
56%
ATT France Nicolas Anelka Real Madrid
52%
MID France Claude Makelele Chelsea
48%
DEF France Mamadou Sakho FC Paris
48%
DEF Argentina Mauricio Pochettino Espanyol
46%
GK France Mickael Landreau Nantes
44%
GK Armenia/Cameroon Apoula Edel Rapid Bucarest
42%
MID Nigeria Jay-Jay Okocha Fenerbache
42%
MID Spain Mikel Arteta Barcelona
38%
MID France Jerome Rothen AS Monaco
35%
DEF France Sylvain Armand Nantes
35%
DEF France Bernard Mendy SM Caen/Bolton Wanderers
33%
DEF France Christophe Jallet Lorient
33%
DEF Argentina Gabriel Heinze Real Valladolid
33%
GK France Gregory Coupet Atletico Madrid
31%
MID France Ludovic Giuly AS Roma
31%
ATT France Pegguy Luyindula Levante
31%
ATT France Guillaume Hoarau Le Havre
29%
MID France Jeremy Clement Glasgow Rangers
25%
GK France Lionel Letizi Metz
25%
DEF/MID France Frederic Dehu Barcelona
23%
ATT Brazil Alex St.-Etienne
21%
DEF Senegal Aliou Cisse CS Sedan
21%
DEF Brazil Ceara Internacional
21%
MID France Edouard Cisse Stade Rennes
21%
GK France Jerome Alonzo AS St.-Etienne
21%
DEF Colombia Mario Yepes Nantes
21%
ATT Turkey Mevlut Erdinc Sochaux
21%
MID Benin Stephane Sessegnon Le Mans
21%
ATT France Laurent Robert Montpellier HSC
19%
MID Brazil Souza Sao Paulo
19%
DEF France Zoumana Camara AS St.-Etienne
19%
ATT France Fabrice Fiorese EA Guingamp
17%
MID France Jerome Leroy Olympique Marseille
17%
ATT France Laurent Leroy Servette
17%
DEF Mali Sammy Traore OGC Nice
17%
MID Uruguay Cristian Rodriguez Penarol Montevideo
15%
DEF Argentina Juan Pablo Sorin Barcelona
15%
ATT France Fabrice Pancrate Le Mans
13%
DEF France Gregory Bourillon Stade Rennes
13%
MID Albania Lorik Cana Lausanne-Sports
13%
MID Argentina Marcelo Gallardo River Plate
13%
ATT Serbia Mateja Kezman Fenerbahce
13%
ATT France Pierre-Alain Frau Lens
13%
ATT Ivory Coast Bonaventure Kalou AJ Auxerre
10%
ATT Serbia Danijel Ljuboja RC Strasbourg
10%
ATT Brazil Everton Santos Corinthians
10%
DEF France Sylvain Distin FC Gueugnon
10%
ATT Uruguay Carlos Bueno Penarol Montevideo
8%
DEF France Eric Rabesandratana AS Nancy
8%
ATT Brazil Jose Aloisio St.-Etienne
8%
MID France Peter Luccin Olympique Marseille
8%
MID Russia Sergey Semak CSKA Moscow
8%
MID France Vikash Dhorasoo AC Milan
8%
MID Algeria Ali Benarbia Bordeaux
6%
MID Brazil Andrè Luiz Olympique Marseille
6%
MID France Charles-Edouard Coridon Lens
6%
ATT Brazil Christian SC Farense
6%
GK France Dominique Casagrande Sevilla
6%
ATT France Jean-Eude Maurice -
6%
DEF France Jimmy Algerino LB Chateauroux
6%
DEF France José Karl Pierre Fanfan AS Monaco
6%
ATT France Mickael Madar Everton
6%
DEF Brazil Paulo Cesar Fluminense/Santos
6%
DEF Morocco Talal El Karkouri Aris Saloniki/Sunderland
6%
ATT France Alioune Toure Manchester City
4%
ATT Nigeria Bartholomew Ogbeche -
4%
DEF Czech Republic David Rozehnal Club Brugge
4%
DEF France Didier Domi Newcastle United
4%
MID France Fabrice Abriel -
4%
DEF Franceq Fabrice Llacer Montepellier HSC
4%
ATT France Franck Dja-Djedje Brest
4%
MID Portugal Hugo Leal Atletico Madrid
4%
DEF France Jean-Michel Badiane -
4%
DEF France Lionel Potillon AS St.-Etienne
4%
MID France Pierre Ducrocq Stade Laval
4%
ATT Brazil Reinaldo Sao Paulo
4%
MID France Rudy Haddad PSG Youth
4%
MID Tunisia Selim Benachour ES Troyes
4%
GK Luxembourg Stephane Gillet SpVgg Elversberg
4%
MID Brazil Vampeta Inter Milan
4%
MID France Younousse Sankhare -
4%
MID Cameroon Albert Baning FC Aarau
2%
MID Ghana Alexander Nyarko AS Monaco
2%
DEF Senegal Boukary Drame PSG Youth
2%
MID France Christophe Landrin Lille OSC
2%
DEF Spain Cristobal Espanyol
2%
MID France David Hellebuyck AS St.-Etienne
2%
MID France Didier Digard Le Havre
2%
DEF Portugal Helder Benfica
2%
MID Russia Igor Yanovski Alania Vladikavkaz
2%
ATT Argentina Martin Cardetti River Plate
2%
GK Algeria Mohamed Benhamou Red Star 93
2%
GK France Nicolas Cousin INF Clairefontaine
2%
MID France Samuel Pietre FC Istres
2%
DEF France Stephane Pichot Lille OSC
2%
GK France Thomas Levaux St. Dizier
2%
MID France Youssuf Mulumbu PSG Youth
2%
DEF France Ahmed Kantari PSG Youth
0%
ATT Ivory Coast Amara Dinae Strasbourg
0%
MID Montenegro Branko Boskovic Red Star Belgrade
0%
ATT Congo Chiguy Lucau -
0%
MID France Clement Chatome PSG Youth
0%
ATT France David Ngog FC Franconville Plessis-Boucha
0%
DEF France Eric Cubilier AS Monaco
0%
DEF France Fabrice Kelban US Creteil
0%
MID Portugal Felipe Texeira FC Istres
0%
ATT France Gael Hiroux -
0%
DEF Nigeria Godwin Okapara Strasbourg
0%
MID France Granddi Ngoyi -
0%
DEF Cameroon Jean-Hugues Ateba Bilayi Nantes
0%
DEF Congo DR Larrys Mabiala Chantilly
0%
ATT France Loris Arnou Chatou
0%
ATT France Matthias Verschave -
0%
MID Cameroon Modeste M'Bani CS Sedan
0%
MID France Nicolas Fabiano -
0%
MID France Romain Rocchi Cannes
0%
MID France Stephane Pedron Lens
0%
MID France Tripy Makonda -
0%
GK France Willy Grondin Valenciennes
0%
ATT Ivory Coast Yannick Boli -
0%
No matching quizzes found
Score Distribution
Percent of People with Each Score
Percentile by Number Answered
Your Score History
You have not taken this quiz